000 00620nam a2200241Ia 4500
003 OSt
005 20221007074139.0
006 a|||||r|||| 00| 0
007 ta
008 221006b |||||||| |||| 00| 0 eng d
024 _a7,178
037 _cReference Collections
040 _aFLL
_cFLL
_beng
041 _2eng
_aeng
082 _aZ2qN4, J9.4
245 0 _aCivil court manual
250 _a10th
260 _aMadras
_bMadras law journal office India
_c1959
300 _axii,4063-5402p
_ccm.
490 _vV4
942 _hZ2qN4, J9.4
_cREF
_2CC
999 _c1151326
_d1151326